00781 a2200169 45000010006000000050017000060080041000230030015000640400040000790800073001192450052001922640025002443000019002695050289002880410008005771000026005856323320260407155928.0260407a1968 arg spa dAR-UNSa-BCEJYS aAR-UNSa-BCEJYSbspacAR-UNSa-BCEJYS a510xConsideraciones fundamentales y generales de las matemáticas 10aMatemática para 4º añopUn enfoque moderno 1aSalta :bCodexc1968 a391 p.c24 cm. a0. Revisión de los conjuntos numéricos - 1. Números reales – 2. Números complejos – 3. Funciones elementales – 4. Función exponencial – 5. Sucesiones – 6. Nociones de geometría analítica – 7. Nociones de estadística – 8. Definición de probabilidad –  aspa1 aDalmasso, Juan Carlos